Gobernanza, gestión de riesgos y cumplimiento normativo en la universidad pública
Kaydedildi:
| Yazar: | |
|---|---|
| Materyal Türü: | Bilinmiyor |
| Dil: | İngilizce İspanyolca |
| Baskı/Yayın Bilgisi: |
Salamanca, España
Amarante
2018
|
| Edisyon: | Primera edición |
| Konular: | |
| Etiketler: |
Etiketle
Etiket eklenmemiş, İlk siz ekleyin!
|
MARC
| LEADER | 00000 a2200000 4500 | ||
|---|---|---|---|
| 003 | CL-VaPUC | ||
| 005 | 20230911111102.0 | ||
| 008 | 200117b ||||| |||| 00| 0 eng d | ||
| 999 | |c 376115 |d 376113 | ||
| 020 | |a 9788494887215 | ||
| 040 | |c Pontificia Universidad Católica de Valparaíso | ||
| 041 | 0 | |a spa | |
| 082 | |a 378.1 GAR 2018 | ||
| 100 | 1 | |a García Muñoz, Julio |9 605026 | |
| 245 | 1 | 0 | |a Gobernanza, gestión de riesgos y cumplimiento normativo en la universidad pública |
| 250 | |a Primera edición | ||
| 260 | 3 | |b Amarante |c 2018 |a Salamanca, España | |
| 300 | |a 743 p | ||
| 505 | 0 | |a Capítulo I. Gobernanza universitaria. Capítulo II. Gestión de riesgos en la universidad pública. Capítulo III. Cumplimiento normativo universitario. Capítulo IV. Propuesta de un modelo de universidad pública. Integración de sus funciones de gobierno, gestión de riesgos y cumplimiento normativo. Capítulo V. Herramientas desarrolladas. | |
| 583 | |k Hugo Gaete |c 20200117 | ||
| 650 | 0 | 0 | |a Educación superior |9 223851 |
| 650 | 0 | 0 | |a Gestión universitaria |9 384681 |
| 650 | 0 | 0 | |a Universidades públicas |9 523597 |
| 942 | |2 ddc |c BK | ||
| 952 | |0 0 |1 0 |2 ddc |4 0 |6 378_100000000000000_GAR_2018 |7 0 |9 495285 |a BIBDER |b BIBDER |d 2020-01-02 |e 36 |g 46174.00 |i 556901K |l 1 |m 1 |o 378.1 GAR 2018 |p 556901K |r 2023-01-25 |s 2020-01-15 |t 1 |v 46174.00 |w 2020-01-02 |y BK |k DER | ||